| Поле | Название | Значение |
| |
Тип записи |
a |
| |
Библиографический уровень |
c |
| 001 |
Контрольный номер |
RU/SLIB/B/208777757 |
| 005 |
Дата корректировки |
20260122115038.8 |
| 010 |
Индекс ISBN |
__ |
| d |
Цена |
1-90; 20700-00 |
| 101 |
Язык документа |
0_ |
| a |
Язык текста |
rus |
| c |
Язык оригинала |
rus |
| 200 |
Заглавие и сведения об ответственности |
1_ |
| a |
Заглавие |
Униженные и оскорбленные |
| e |
Сведения, относящиеся к заглавию |
роман : рассказы : комедия |
| f |
Первые сведения об ответственности |
Ф. М. Достоевский. Вишневый сад / А. П. Чехов ; вступ. ст., сост. и прим. В. И. Кулешова ; ил. В. П. Панова |
| b |
Общее обозначение материала |
Текст |
| 210 |
Выходные данные |
1_ |
| a |
Место издания |
М. |
| c |
Издательство |
Дет. лит. |
| d |
Дата издания |
1980 |
| 215 |
Физическое описание |
__ |
| a |
Объем |
622 с. |
| c |
Иллюстрации/тип воспроизводства |
ил. |
| 225 |
Серия |
2_ |
| a |
Серия |
Библиотека мировой литературы для детей |
| h |
Номер части |
Т. 12 |
| 327 |
Примечание о содержании |
0_ |
| a |
Примечание о содержании |
Вишневый сад / А. П. Чехов |
| 327 |
Примечание о содержании |
0_ |
| a |
Примечание о содержании |
Рассказы / А. П. Чехов |
| 333 |
Примечание о целевом назначении |
__ |
| a |
Примечание о целевом назначении |
16+. Для детей старше 16 лет |
| 606 |
Тематические рубрики |
__ |
| a |
Основная рубрика |
Художественная литература |
| 606 |
Тематические рубрики |
__ |
| a |
Основная рубрика |
Русская литература XIX в. (произведения) |
| 610 |
Ключевые слова |
0_ |
| a |
Ключевые слова |
писатели; проза; прозаики; классическая литература; романы; детская литература |
| 686 |
Индексы других классификаций |
__ |
| a |
Классификационный индекс |
84(2=411.2)52-4 |
| 700 |
Автор |
_1 |
| a |
Фамилия |
Достоевский |
| b |
Имя |
Ф. М. |
| g |
Полное личное имя |
Федор Михайлович |
| 4 |
Код отношения |
070 |
| 702 |
Вторичная интеллектуальная ответственность |
_1 |
| a |
Фамилия |
Чехов |
| b |
Имя |
А. П. |
| 4 |
Код отношения |
Автор |
| 4 |
Код отношения |
070 |
| 801 |
Источник записи |
_0 |
| a |
Страна |
RU |
| b |
Организация |
Муниципальное бюджетное учреждение культуры "Централизованная библиотечная система" г. Сургут (Центральная городская библиотека им. А. С. Пушкина) |
| g |
Правила каталогизации |
КиК/Уланова; КиК/Лебедева |
| 801 |
Источник записи |
_1 |
| a |
Страна |
RU |
| b |
Организация |
Муниципальное бюджетное учреждение культуры "Централизованная библиотечная система" г. Сургут (Центральная городская библиотека им. А. С. Пушкина) |
| g |
Правила каталогизации |
КиК/Уланова; КиК/Лебедева |
| 852 |
Данные о местонахождении |
__ |
| j |
Шифр хранения |
84(2=411.2)52-4 |
| i |
Авторский знак |
Д 70 |
| p |
Инвентарный номер |
2384; 55744 |
| 901 |
Тип документа |
__ |
| t |
Тип документа |
x |
| 903 |
Характеристики (МАРС) |
__ |
| a |
Дата передачи |
20090518 |
| 969 |
Тип издания |
__ |
| a |
Тип издания |
сборник |
| 990 |
Данные о заказе (DOS) |
__ |
| j |
Количество экземпляров (DOS) |
1; 6 |
| t |
N записи в КСУ для И/У (DOS) |
199601; 199101 |